000 01643cam a22003731 4500
999 _c127817
_d127817
001 2168443
003 ARRUPE
005 20180327102937.0
008 711216s1965 ilua 000 0 eng
010 _a 65017291
040 _aDLC
_cDLC
_dDLC
041 1 _aeng
_henm
050 0 0 _aPR1203
_b.G36
082 0 0 _a821/.1
_219
245 1 4 _aThe complete works of the Gawain-poet.
_bIn a modern English version with a critical introd. by John Gardner.
_cGawain and the Green Knight, Woodcuts by Fritz Kredel.
260 _aChicago,
_bUniversity of Chicago Press
_c1965
300 _axii, 347 p.
_c25 cm.
505 0 _aIntroduction and commentary.--The poems: Pearl. Purity. Patience. Sir Gawain and the Green Knight. St. Erkenwald.--Notes.
650 0 _aEnglish poetry
_yMiddle English, 1100-1500
_vModernized versions.
_941109
650 0 _aManuscripts, English (Middle)
_zEngland
_zWest Midlands.
_941110
650 0 _aKnights and knighthood
_vPoetry.
_941111
650 0 _aArthurian romances.
_941112
650 0 _aRomances, English.
_941113
906 _a7
_bcbc
_corignew
_du
_eocip
_f19
_gy-gencatlg
942 _2lcc
_cMONOGRAPH